Lovable Lyle (Record no. 4392)

MARC details
000 -LEADER
fixed length control field 00814cam a2200265 4500
005 - DATE AND TIME OF LATEST TRANSACTION
control field 20240902091956.0
020 ## - INTERNATIONAL STANDARD BOOK NUMBER
International Standard Book Number 9780395253786
040 ## - CATALOGING SOURCE
Original cataloging agency DLC
Transcribing agency DLC
Modifying agency DLC
Language of cataloging eng
050 00 - LIBRARY OF CONGRESS CALL NUMBER
Classification number PZ7.W113
082 00 - DEWEY DECIMAL CLASSIFICATION NUMBER
Classification number 823.91
100 1# - MAIN ENTRY--PERSONAL NAME
Personal name Waber, Bernard
245 10 - TITLE STATEMENT
Title Lovable Lyle
260 ## - PUBLICATION, DISTRIBUTION, ETC.
Place of publication, distribution, etc. Boston :
Name of publisher, distributor, etc. Houghton Mifflin ,
Date of publication, distribution, etc. 1969
300 ## - PHYSICAL DESCRIPTION
Extent 48 pages :
Other physical details color illustrations ;
Dimensions 28 cm.
490 ## - SERIES STATEMENT
Series statement Lyle the Crocodile
505 ## - FORMATTED CONTENTS NOTE
Formatted contents note R <br/>
520 ## - SUMMARY, ETC.
Summary, etc. Lyle, the crocodile, thought everyone loved him until the day he received a hate note from an anonymous despiser.
521 ## - TARGET AUDIENCE NOTE
Target audience note 710 <br/>
Source Lexile AD <br/>
521 ## - TARGET AUDIENCE NOTE
Target audience note R <br/>
Source Raz-Plus <br/>
650 #1 - SUBJECT ADDED ENTRY--TOPICAL TERM
Topical term or geographic name entry element Crocodiles
General subdivision Fiction.
655 #7 - INDEX TERM--GENRE/FORM
Genre/form data or focus term Juvenile literature
Chronological subdivision 1969.
Source of term rbgenr
906 ## - LOCAL DATA ELEMENT F, LDF (RLIN)
a 0
b cbc
c orignew
d u
e ncip
f 19
g y-genrareb
942 ## - ADDED ENTRY ELEMENTS (KOHA)
Source of classification or shelving scheme Dewey Decimal Classification
Koha item type Books
Suppress in OPAC No
999 ## -
-- 4392
-- 4392
Holdings
Withdrawn status Lost status Source of classification or shelving scheme Damaged status Not for loan Collection Home library Current library Shelving location Date acquired Total Checkouts Full call number Barcode Date last seen Price effective from Koha item type
    Dewey Decimal Classification     Juvenile Fiction Footprints International School Library Network Toul Kork Campus Footprints International School Library Network Toul Kork Campus   08/19/2024   WAB 823.91 PZ7.W113 FIS02973 08/19/2024 08/19/2024 Books